00761nam a2200217 a 450000100060000000300090000600800410001502000150005604000280007108200100009910000420010924500280015126000310017930000070021059000770021765000400029465000350033494200120036999900170038195201450039821962CO-ViMGA141112s2004 ck r 000 u spa d a8476470355 aCO-ViMGAbspacCO-ViMGA04aRODmi1 aRodríguez Almodovar, Antonio94992710aMiguelín, El valiente aMadrid : bAlgaida, c1986 a15 aForma de adquisición : Compra - - Precio : 4000 - - Proveedor : Cerlac14aCUENTOS INFANTILES ESPAÑOLES972514aPRINCIPES - CUENTOS INFANTILES 2ddccBK c30498d30498 00102ddc40708008aMEVIECARbMEVIECARd2015-12-04hVolumen. 1 | 11/jun/2009l0oRODmi p21962r2015-12-04 00:00:00tEj. 1w2015-12-04yBK